000 01261naa a22003497a 4500
001 BR7405554
003 BR-BrBNA
005 20240918173633.0
007 ta
008 230509b bl.||||| |||| 00| 0 por d
040 _aBR-BrBNA
_bpor
_cBiblioteca Nacional de Agricultura
041 _a(Pt)
072 _aP10; P12
_b9927
_bG514
_bGZ35
_bGZ65
090 _aP10 BR7405554
100 1 _aPereira Neto, J. de A.
111 1 _aCongresso Estadual de Orizicultura
_cPorto Alegre, RS (Brazil)
_d29 Jan 1966
245 1 _aContribuicao ao aproveitamento racional das aguas do Rio dos Sinos para fins de irrigacao e controle de enchentes [Rio Grande do Sul; Brasil]
260 3 _aPorto Alegre, RS (Brasil):
_c1966.
500 _aAnais do Congresso Estadual de Orizicultura Porto Alegre, RS (Brasil): 1966. p. 222-229 (BR7405554-AM)P10
650 _aRecurso hidrico
650 _aIrrigacao
650 _aAgua potavel
650 _aBacia hidrografica
650 _aBarragem
650 _aEnchente
650 _aChuva
650 _aRio
650 _aRio Grande do Sul
773 0 _tAnais do Congresso Estadual de Orizicultura
_wP10 BR7405554
_gPorto Alegre, RS (Brasil), 1966. p. 222-229
909 _a202404
_bLucia
_c55
_dLucia Elande
942 _cAM
_2AGRIS
999 _c305890
_d305890